Poems by William Drummond. of Hawthornden

Bibliographic Details
Main Author: Drummond, William, 1585-1649
Format: eBook
Language:English
Published: [Edinburgh : A. Hart, 1614?]
Series:Early English books online.
Online Access:Connect to the full text of this electronic book

MARC

Tag First Indicator Second Indicator Subfields
LEADER 00000nam a2200000 4500
001 in00004175921
005 20200807083255.0
006 m g d
007 cr bn |||a|bb|
008 921105s1604 stk o 00| | eng d
035 |a (UnM)99856811 
037 |a CL0036000045  |b ProQuest. 789 E. Eisenhower Parkway, Ann Arbor, MI 48108-3218 
040 |a Cu-RivES  |c Cu-RivES  |d CStRLIN  |e dcrb  |d WaOLN 
100 1 |a Drummond, William,  |d 1585-1649. 
245 1 0 |a Poems by William Drummond. of Hawthornden 
260 |a [Edinburgh :  |b A. Hart,  |c 1614?] 
300 |a 1 online resource ([68] leaves 
336 |a text  |b txt  |2 rdacontent 
337 |a computer  |b c  |2 rdamedia 
338 |a online resource  |b cr  |2 rdacarrier 
500 |a Place of publication and printer's name from and publication date conjectured by STC. 
500 |a Another edition of STC 7253, on small paper with STC 7259 (Teares on the death of Meliades) between the two sections. 
500 |a Title page printed on paper with perp. chainlines, and the other leaves are printed only on one side. 
500 |a "Teares on the death of Meliades" has separate dated title page; "Madrigalls and epigrammes" has half title only. 
500 |a "Teares on the death of Meliades" has signatures: A-B⁴; other leaves unsigned. 
500 |a Reproduction of the original in the Bodleian Library. 
510 4 |a STC (2nd edition)  |c 7254. 
533 |a Electronic reproduction.  |b Ann Arbor, Mich. :  |c UMI,  |d 1999-  |f (Early English books online)  |n Digital version of: (Early English books, 1475-1640 ; 1601:16a)  |7 s1999 miun s 
700 1 |a Drummond, William,  |d 1585-1649.  |t Teares on the death of Meliades. 
730 0 |a Teares on the death of Meliades. 
740 0 2 |a Madrigalls and epigrammes. 
830 0 |a Early English books online. 
856 4 0 |u http://proxy.library.tamu.edu/login?url=https://search.proquest.com/docview/2240897569  |z Connect to the full text of this electronic book  |t 0 
999 f f |s 06c58e6e-b6d7-3901-b87b-1e68ea0b661b  |i d6258298-f316-303e-870d-e1d333974601  |t 0 
952 f f |a Texas A&M University  |b College Station  |c Electronic Resources  |d Available Online  |t 0  |h No information provided 
998 f f |t 0  |l Available Online